Responses for Show #1939 - Thursday, January 28, 1993

Diane Siegel game 4.

Contestants

[<< previous game]

Nat Deutsch, an employee relations officer from Washington, D.C.

Allison Byerley, a systems engineer from Houston, Texas

Diane Siegel, a homemaker from Northridge, California (whose 3-day cash winnings total $43,379)

[next game >>]

Jeopardy! Round responses

ASTRONOMY & SPACE
TV THEME SONGS
POTENT POTABLES
TIME
FOR THE BIRDS
MEDALS & DECORATIONS
(Alex: You have to identify the country in which that medal or decoration is awarded.)
    $100 6
the Milky Way

Allison
    $100 11
Gilligan's Island

Nat
    $100 16
Adam & Eve

Diane
    $100 21
Central

Allison
    $100 1
Antarctica

Diane
    $100 26
Vatican City

Diane
    $200 7
the Soviet Union

Allison
    $200 12
(Allison: Who is his wife, Judy?)
(Diane: Who is the daughter, Judy?)
[NOTE: Another, better-known version of the song has Elroy announced second, as noted in OOPS! $400 in show #2072, aired 1993-09-14.]

his wife, Jane

DianeAllison
Triple Stumper
    $200 17
rum

Diane
    $200 22
of (the) clock

Nat
    $200 2
hearts

Diane
    $200 27
Japan

Diane
    $300 8
the Moon

Diane
    $300 13
The Love Boat

Allison
    $300 18
creme de menthe

Nat
    $300 23
Sundays

Diane
    $300 3
the myna bird

Allison
    $300 28
Netherlands

Diane
    $400 9
the Shuttle

Allison
    $400 14
I am Mister Ed

Allison
    $400 19
gin

Allison
    $400 24
Winston Churchill

Nat
    $400 4
a scarlet ibis

Nat
    $400 29
(Diane: What is Spain?)
(Nat: What is Portugal?)

Panama

DianeNat
Triple Stumper
    $500 10
Jupiter

Triple Stumper
    $500 15
hay

Nat
    $500 20
Scotch

Diane
    $1,000 25
(Nat: What is Ireland?)
(Alex: Ah, sorry, we're talking about the continent of Europe and there's a weird zigzag in the time zone and it includes only [*].)

Portugal

Nat
    $500 5
a budgerigar

Nat
    $500 30
(Diane: What is Chile?)
(Nat: What is Venezuela?)

Argentina

DianeNat
Triple Stumper

Scores at the first commercial break (after clue 14):

Diane Allison Nat
$400 $1,500 $1,000

Scores at the end of the Jeopardy! Round:

Diane Allison Nat
$1,200 $2,000 $500

Double Jeopardy! Round responses

U.S. GEOGRAPHY
COMPUTERS
THE SPANISH-AMERICAN WAR
LANGUAGES
UNREAL ESTATE
DE GUYS
    $200 1
Cape Cod

Diane
    $200 18
hard copy

Allison
    $200 17
the Maine

Allison
    $200 6
Italian

Nat
    $200 11
Avalon

Triple Stumper
    $200 16
(Charles) de Gaulle

Nat
    $400 2
the Appalachians

Diane
    $400 19
a password

Allison
    $400 21
the Rough Riders

Diane
    $400 7
Swedish

Allison
    $400 12
Peyton Place

Diane
    $400 22
(Diane: Who is Leonardo da Vinci?)
...
[Diane laughs.]
(Alex: But Diane's response is kind of fun.)
[Laughter]

(Cecil B.) De Mille

DianeNat
    $600 3
Lake Champlain

Diane
    $600 20
the function keys

Nat
    $600 23
France

Diane
    $600 8
English

Nat
    $600 13
(Allison: Who is Medea?)
(Diane: Who is Calypso?)

Circe

DianeAllison
Triple Stumper
    $600 24
(Alex: Minute to go.)

de Soto

Allison
    $800 4
Long Island Sound

Nat
    $800 25
a joystick

Allison
    $2,000 28
Guam

Nat
    $800 9
(Nat: What is Hindi?)

Sanskrit

DianeNat
    $1,500 14
The Tempest

Diane
    $800 29
de Forest

Diane
    $1000 5
St. Petersburg

Nat
    $1000 26
a scanner

Nat
    $1000 27
(Diane: What is the Battle of San Juan Hill?)

the Battle of Manila Bay

DianeNat
    $1000 10
Sequoyah

Triple Stumper
    $1000 15
The Pilgrim's Progress

Diane
    $1000 30
(Michael) de Bakey

Allison

Scores at the end of the Double Jeopardy! Round:

Diane Allison Nat
$5,900 $5,000 $7,500

[wagering suggestions for these scores]

Final Jeopardy! Round responses

WORLD BUSINESS
(Alex: [To Diane] You had a choice, I suppose, between Moscow and [*]; you picked the right one.)
AllisonWhat is Moscow?
$2,501
DianeWhat is Beijing?
$5,900
NatWhat is Moscow?
$5,000
Beijing

Final scores:

Diane Allison Nat
$11,800 $2,499 $2,500
4-day champion: $55,179 3rd place: Outdoor Products travel gear + Jeopardy! computerized version or home game 2nd place: Broyhill bedroom set + Burlington House comforter ensemble + Jeopardy! computerized version or home game

Game dynamics:

Coryat scores:

Diane Allison Nat
$5,200 $5,000 $7,300
20 R
(including 1 DD),
6 W
15 R,
2 W
17 R
(including 1 DD),
4 W
(including 1 DD)

Combined Coryat: $17,500

[game clues] [game scores] [suggest correction]

Game tape date: 1992-10-26
The J! Archive is created by fans, for fans. Scraping, republication, monetization, and malicious use prohibited; this site may use cookies and collect identifying information. See terms. The Jeopardy! game show and all elements thereof, including but not limited to copyright and trademark thereto, are the property of Jeopardy Productions, Inc. and are protected under law. This website is not affiliated with, sponsored by, or operated by Jeopardy Productions, Inc. Join the discussion at JBoard.tv.